[Event "Moscow op-A"]
[Site "Moscow"]
[Date "2009.02.05"]
[Round "6"]
[White "Gnydka, Yaroslav"]
[Black "Bobylev, Valentin"]
[Result "1-0"]
[WhiteElo "2098"]
[BlackElo "2186"]
[PlyCount "65"]
[EventDate "2009.01.31"]
[EventType "swiss"]
[EventRounds "9"]
[EventCountry "RUS"]
[SourceTitle "EXT 2023"]
[Source "ChessBase"]
[SourceDate "2022.10.05"]
[SourceVersion "1"]
[SourceVersionDate "2022.10.05"]
[SourceQuality "1"]

1. e4 c5 2. Nf3 g6 3. d4 Bg7 4. c4 d6 5. Nc3 cxd4 6. Nxd4 Nf6 7. Be2 Nc6 8. Be3 0-0 9. f3 a6 10. Qd2 Nxd4 11. Bxd4 Bd7 12. 0-0 Qa5 13. Rfd1 Rfe8 14. a3 Nh5 15. Nd5 Qxd2 16. Rxd2 Bxd4+ 17. Rxd4 Rab8 18. b4 Kf8 19. a4 Red8 20. a5 g5 21. g3 Ng7 22. Rd2 f5 23. b5 Be6 24. Nc7 fxe4 25. fxe4 Bc8 26. bxa6 bxa6 27. c5 Ne6 28. Nxe6+ Bxe6 29. c6 Ra8 30. Rb1 Ra7 31. Rb7 Rda8 32. Rdb2 Rc8 33. Rxa7 1-0

[Event "Moscow op-B 04th"]
[Site "Moscow"]
[Date "2008.02.06"]
[Round "5"]
[White "Gnydka, Yaroslav"]
[Black "Birjukov, Sergey"]
[Result "1/2-1/2"]
[WhiteElo "2126"]
[BlackElo "2237"]
[PlyCount "107"]
[EventDate "2008.02.02"]
[EventType "swiss"]
[EventRounds "9"]
[EventCountry "RUS"]
[SourceTitle "CBM 122 Extra"]
[Source "ChessBase"]
[SourceDate "2008.03.04"]
[SourceVersion "1"]
[SourceVersionDate "2008.03.04"]
[SourceQuality "1"]

1. e4 e6 2. d4 d5 3. Nc3 Nf6 4. e5 Nfd7 5. f4 c5 6. Nf3 Nc6 7. Be3 Qb6 8. a3 a6 9. dxc5 Bxc5 10. Na4 Qa5+ 11. b4 Qxa4 12. bxc5 f6 13. exf6 Nxf6 14. c4 Qa5+ 15. Qd2 0-0 16. Qxa5 Nxa5 17. Ne5 Nc6 18. Bd3 Nxe5 19. fxe5 Ng4 20. Bd4 Bd7 21. h3 Nh6 22. g4 Bc6 23. Rf1 Rxf1+ 24. Bxf1 Nf7 25. Bg2 Rd8 26. Ke2 Rd7 27. Rd1 Nd8 28. cxd5 Bxd5 29. Be3 Nc6 30. Bxd5 Rxd5 31. Rxd5 exd5 32. e6 d4 33. Bg5 Kf8 34. Bh4 h6 35. Kd3 Ne5+ 36. Ke4 Ng6 37. Bf2 d3 38. Kxd3 Nf4+ 39. Ke4 Nxe6 40. Kd5 Ke7 41. Bg3 Kd7 42. Bd6 Ng5 43. h4 Nf3 44. Bg3 g6 45. h5 gxh5 46. gxh5 Ng5 47. Ke5 Ne6 48. Kf6 Nxc5 49. Kg6 Ne6 50. Bh4 Ke8 51. Kxh6 Kf7 52. Be1 b6 53. Bh4 b5 54. Be1 1/2-1/2

[Event "Moscow op-B 04th"]
[Site "Moscow"]
[Date "2008.02.05"]
[Round "4"]
[White "Volkov, Sergei"]
[Black "Gnydka, Yaroslav"]
[Result "0-1"]
[WhiteElo "2623"]
[BlackElo "2126"]
[PlyCount "80"]
[EventDate "2008.02.02"]
[EventType "swiss"]
[EventRounds "9"]
[EventCountry "RUS"]
[SourceTitle "CBM 122 Extra"]
[Source "ChessBase"]
[SourceDate "2008.03.04"]
[SourceVersion "1"]
[SourceVersionDate "2008.03.04"]
[SourceQuality "1"]

1. Nf3 d5 2. d4 Nf6 3. Bf4 c6 4. c3 Bf5 5. e3 e6 6. Qb3 Qb6 7. Nh4 Be4 8. Nd2 h6 9. Nhf3 Bh7 10. Be2 Nbd7 11. h3 a5 12. 0-0 a4 13. Qxb6 Nxb6 14. Bc7 Nc8 15. c4 Bd6 16. Bxd6 Nxd6 17. Rac1 0-0 18. Rfd1 Nfe4 19. Ne5 Rfd8 20. c5 Nxd2 21. Rxd2 Ne4 22. Rdd1 f6 23. Nd3 Ng5 24. Ne1 e5 25. h4 Ne4 26. dxe5 fxe5 27. Nf3 Ra5 28. Nxe5 Nxc5 29. Bd3 Bxd3 30. Nxd3 Rb5 31. f4 Re8 32. Kf2 Nd7 33. Rd2 Re7 34. Kf3 h5 35. g3 Re4 36. Nf2 Reb4 37. Nd3 Re4 38. Ne5 Nf6 39. Rdc2 Reb4 40. Nd3 Re4 0-1

[Event "Moscow op-B 04th"]
[Site "Moscow"]
[Date "2008.02.03"]
[Round "2"]
[White "Mitlashevsky, Oleg"]
[Black "Gnydka, Yaroslav"]
[Result "1-0"]
[WhiteElo "2261"]
[BlackElo "2126"]
[PlyCount "105"]
[EventDate "2008.02.02"]
[EventType "swiss"]
[EventRounds "9"]
[EventCountry "RUS"]
[SourceTitle "CBM 122 Extra"]
[Source "ChessBase"]
[SourceDate "2008.03.04"]
[SourceVersion "1"]
[SourceVersionDate "2008.03.04"]
[SourceQuality "1"]

1. e4 e5 2. Nf3 Nc6 3. Nc3 Nf6 4. g3 Bc5 5. Bg2 d6 6. d3 h6 7. Na4 Bg4 8. h3 Be6 9. 0-0 Qd7 10. Kh2 Bb4 11. c3 Ba5 12. b4 Bb6 13. Nxb6 axb6 14. a4 0-0 15. b5 Ne7 16. Bb2 Ng6 17. Re1 c6 18. c4 Rfd8 19. Qe2 Qc8 20. d4 exd4 21. Nxd4 Ne5 22. Nxe6 Qxe6 23. f4 Ned7 24. e5 dxe5 25. fxe5 Ne8 26. h4 Nc5 27. Bh3 Qg6 28. Rf1 Ne4 29. Qf3 Rd2+ 30. Bg2 Rxb2 31. h5 Qxg3+ 32. Qxg3 Nxg3 33. Kxg3 Nc7 34. bxc6 bxc6 35. Bxc6 Ra5 36. Rab1 Rc2 37. Rxb6 Rc3+ 38. Rf3 Rxf3+ 39. Kxf3 Rxe5 40. Bb5 Rxh5 41. a5 g5 42. a6 Rh3+ 43. Kg4 Ra3 44. Rxh6 Ne6 45. Rf6 Kg7 46. Rf3 Ra5 47. Rf5 Kg6 48. Rd5 Nc7 49. Rxg5+ Kf6 50. Rc5 Nxb5 51. cxb5 Ke6 52. Rc6+ Ke5 53. Rc8 1-0

[Event "Khanty-Mansiysk Governor Cup"]
[Site "Khanty-Mansiysk"]
[Date "2007.11.24"]
[Round "6"]
[White "Gnydka, Yaroslav"]
[Black "Dorovikova, Ekaterina"]
[Result "1-0"]
[WhiteElo "2105"]
[BlackElo "1487"]
[PlyCount "67"]
[EventDate "2007.11.21"]
[EventType "swiss"]
[EventRounds "9"]
[EventCountry "RUS"]
[SourceTitle "CBM 121 Extra"]
[Source "ChessBase"]
[SourceDate "2008.01.10"]
[SourceVersion "1"]
[SourceVersionDate "2008.01.10"]
[SourceQuality "1"]

1. e4 e6 2. d4 d5 3. Nc3 Nf6 4. e5 Nfd7 5. f4 c5 6. Nf3 Nc6 7. Be3 Qb6 8. a3 Be7 9. Na4 Qa5+ 10. c3 cxd4 11. b4 Qc7 12. cxd4 a6 13. Bd3 Nb6 14. Nc5 Nd7 15. 0-0 b6 16. Nb3 Bb7 17. f5 exf5 18. Bxf5 Nf8 19. Ng5 Bxg5 20. Bxg5 Bc8 21. Bd3 Ne6 22. Be3 Qe7 23. Rc1 Bd7 24. Qf3 Nc7 25. a4 b5 26. axb5 axb5 27. e6 Nxe6 28. Qxd5 Nc7 29. Qf3 0-0 30. d5 Nxd5 31. Bc5 Qg5 32. h4 Qe5 33. Rfe1 Qb2 34. Qxd5 1-0

[Event "RUS-chT Clubs U18"]
[Site "Rybinsk"]
[Date "2007.08.09"]
[Round "8.34"]
[White "Ustinov, Alexey"]
[Black "Gnydka, Yaroslav"]
[Result "0-1"]
[WhiteElo "1968"]
[BlackElo "2134"]
[PlyCount "78"]
[EventDate "2007.08.02"]
[EventType "team-swiss"]
[EventRounds "9"]
[EventCountry "RUS"]
[SourceTitle "EXT 2022"]
[Source "ChessBase"]
[SourceDate "2021.10.06"]
[SourceVersion "1"]
[SourceVersionDate "2021.10.06"]
[SourceQuality "1"]

1. e4 d5 2. exd5 Qxd5 3. Nc3 Qd6 4. d4 Nf6 5. Nf3 a6 6. g3 Bg4 7. Bg2 Nc6 8. Ne2 0-0-0 9. c3 e5 10. Be3 exd4 11. Nfxd4 Nxd4 12. Bxd4 Qe6 13. Qc2 Re8 14. Be3 Bc5 15. Nd4 Bxd4 16. cxd4 Nd5 17. Bxd5 Qxd5 18. Kd2 Re4 19. Qc3 Rhe8 20. Rhe1 R8e6 21. Qc5 Qxc5 22. dxc5 f5 23. Kc3 R6e5 24. b4 b5 25. a4 Rc4+ 26. Kb3 Rd5 27. axb5 axb5 28. Rab1 Rd3+ 29. Ka2 Rcc3 30. Bc1 Bf3 31. Re3 Bd5+ 32. Ka1 Rc2 33. Bb2 Rdd2 34. Re7 Be4 35. Rxg7 Rc4 36. Rg8+ Kb7 37. Bc1 Re2 38. Be3 Rcc2 39. c6+ Bxc6 0-1

[Event "Polyarniy Krug op"]
[Site "Salekhard"]
[Date "2006.12.03"]
[Round "5"]
[White "Obodchuk, Andrei"]
[Black "Gnydka, Yaroslav"]
[Result "1-0"]
[WhiteElo "2406"]
[BlackElo "2070"]
[PlyCount "73"]
[EventDate "2006.11.29"]
[EventType "swiss"]
[EventRounds "9"]
[EventCountry "RUS"]
[SourceTitle "CBM 115 Extra"]
[Source "ChessBase"]
[SourceDate "2007.01.10"]
[SourceVersion "1"]
[SourceVersionDate "2007.01.10"]
[SourceQuality "1"]

1. d4 Nf6 2. c4 c5 3. d5 e5 4. Nc3 d6 5. e4 Be7 6. h3 0-0 7. Bd3 Ne8 8. Nf3 g6 9. g4 Ng7 10. Bh6 Na6 11. Ne2 Rb8 12. Ng3 Nc7 13. a4 a6 14. a5 Nce8 15. 0-0 b5 16. axb6 Qxb6 17. Bc2 Bd7 18. Ne1 Qd8 19. Qc1 Nc7 20. Kh2 Ra8 21. Nd3 a5 22. Qd2 a4 23. f4 f6 24. Ne2 Ra7 25. Nc3 Qa8 26. Nxc5 dxc5 27. d6 Bxd6 28. Qxd6 Nce8 29. Qxc5 exf4 30. Qd5+ Qxd5 31. exd5 Rb7 32. Rfb1 Rb4 33. Bxa4 Rf7 34. Bxd7 Rxd7 35. Ra4 Rxa4 36. Nxa4 Nd6 37. c5 1-0

[Event "Polyarniy Krug op"]
[Site "Salekhard"]
[Date "2006.12.02"]
[Round "4"]
[White "Gnydka, Yaroslav"]
[Black "Ovod, Evgenija"]
[Result "1/2-1/2"]
[WhiteElo "2070"]
[BlackElo "2407"]
[PlyCount "58"]
[EventDate "2006.11.29"]
[EventType "swiss"]
[EventRounds "9"]
[EventCountry "RUS"]
[SourceTitle "CBM 115 Extra"]
[Source "ChessBase"]
[SourceDate "2007.01.10"]
[SourceVersion "1"]
[SourceVersionDate "2007.01.10"]
[SourceQuality "1"]

1. d4 Nf6 2. c4 e6 3. Nf3 b6 4. a3 Ba6 5. Qc2 Bb7 6. Nc3 c5 7. dxc5 Bxc5 8. Bf4 d5 9. cxd5 Nxd5 10. Rd1 Qc8 11. e3 Nxf4 12. Qa4+ Bc6 13. Qxf4 Nd7 14. Bd3 Qb8 15. Nb5 Qxf4 16. exf4 0-0 17. b4 Be7 18. Nbd4 Bd5 19. 0-0 a5 20. Bb5 Nf6 21. bxa5 Rxa5 22. a4 Bc5 23. Ne5 g6 24. Ndc6 Raa8 25. Nd3 Bd6 26. Ndb4 Kg7 27. g3 Bc5 28. Nxd5 Nxd5 29. Rc1 Nb4 1/2-1/2